00351nam a2200133 a 450000500170000000800410001705000170005810000200007524500420009526000390013765000140017665000130019065000140020320140414131911.0101012s19uu xx 00 eng d aERbEl1 2008 aCarman, Patrick aElliot's Park saving Mister Nibbles!. bOrchard Books,c2008.aNew York : aSquirrels aScouting aHalloween